000 00335nam a22001457a 4500
008 230427b ||||| |||| 00| 0 eng d
020 _a9780198609957
041 _aeng
080 _a038
082 _a038PAR
100 _a40
101 _aFJALOR
245 _aA DICTIONARY ENVIRONMENT AND CONSERVATION
_cPARK .CH
942 _2udc
_cBK
999 _c59629
_d59629